000 00445nam a2200181Ia 4500
005 20250923144256.0
008 008 250917s9999 xx 000 0 eng d
037 _aTextual
040 _aDSWL
_beng
_cDSWL
041 _aeng
_2eng
084 _qDSWL
100 _aVakil, C.N
_9823130
245 0 _aEconomics of partition
_cby C.N Vakil
260 _c1948
300 _a128 p.
942 _cTEXL
999 _c1436903
_d1436903